000
00310nam a22001457a 4500
008
221114b ||||| |||| 00| 0 eng d
020
_a
9780132464970
041
_a
eng
080
_a
51
082
_a
51
100
_a
22
101
_a
MATE
245
_a
EINSTEIN'S RELATIVITY
_c
ROBINSON E
942
_2
udc
_c
BK
999
_c
58875
_d
58875